Statistiques concernant Calendrier républicain français - Journées

Cliquez ici pour prendre le quiz!

Statistiques générales

  • Ce quiz a été pris 130 fois
  • Le résultat moyen est 89 sur 360

Statistiques - réponses

#jour% Correct
1Pomme
79%
3Poire
78%
29Blé
76%
11Fraise
71%
7Carotte
64%
25Chat
64%
13Abricot
63%
2Chêne
62%
5Chien
62%
23Fer
62%
22Pêche
62%
1Rose
62%
19Cerise
61%
24Orange
61%
11Pomme de terre
61%
5Poule
61%
1Raisin
61%
5Cheval
60%
15Chèvre
60%
5Cochon
60%
28Tomate
60%
15Vache
60%
24Cuivre
59%
29Orge
59%
15Âne
58%
25Bœuf
58%
1Prune
58%
23Haricot
57%
28Maïs
57%
13Pois
57%
22Sel
57%
14Noix
56%
15Lapin
54%
4Tulipe
54%
3Châtaigne
52%
16Citron
52%
9Mûre
51%
17Groseille
50%
29Marron
50%
22Noisette
50%
5Oie
50%
17Citrouille
49%
23Navet
49%
13Potiron
49%
5Canard
48%
27Ail
47%
19Radis
47%
14Sapin
47%
7Chou-fleur
46%
10Faux
46%
3Melon
46%
30Pelle
46%
5Taureau
46%
19Tournesol
46%
15Abeille
44%
29Myrtille
44%
3Oignon
44%
5Saumon
44%
28Thym
44%
5Bouc
43%
10Charrue
43%
15Dindon
43%
25Lièvre
43%
29Olive
43%
10Râteau
43%
15Truite
43%
15Brebis
42%
7Figue
42%
1Seigle
42%
2Avoine
41%
26Étain
41%
16Laitue
41%
17Lin
41%
6Bette
40%
8Champignon
40%
7Concombre
40%
26Aubergine
39%
7Bouleau
39%
16Épinard
39%
29Frêne
39%
11Pastèque
39%
25Pigeon
39%
6Romarin
39%
28Coing
38%
29Coton
38%
14Endive
38%
14Hêtre
38%
8Jonquille
38%
9Panais
38%
26Pissenlit
38%
21Menthe
37%
8Miel
37%
22Persil
37%
27Plomb
37%
13Topinambour
37%
4Betterave
36%
18Amande
34%
21Chanvre
34%
25Faisan
34%
27Piment
34%
2Platane
34%
10Bêche
33%
2Céleri
33%
10Faucille
33%
10Fléau
33%
24Pâquerette
33%
18Sarrasin
33%
8Violette
33%
15Chevreuil
32%
11Coriandre
32%
26Lilas
32%
25Pintade
32%
29Pivoine
32%
5Bélier
31%
12Fenouil
31%
18If
31%
13Laurier
31%
16Buis
30%
25Carpe
30%
27Colza
30%
23Houblon
30%
14Lavande
30%
6Mâche
30%
12Orme
30%
28Pensée
30%
19Tilleul
30%
28Zinc
30%
3Asperge
29%
14Basilic
29%
12Brocoli
29%
11Granit
29%
29Mercure
29%
7Muguet
29%
9Peuplier
29%
1Primevère
29%
26Sauge
29%
25Thon
29%
12Charme
28%
18Lierre
28%
5Mulet
28%
24Roquette
28%
2Safran
28%
24Oseille
27%
20Van
27%
3Chicorée
26%
3Fougère
26%
23Lentille
26%
23Marronnier
26%
10Pioche
26%
11Rhubarbe
26%
27Verveine
26%
15Caille
24%
13Girofle
24%
23Roseau
24%
14Acacia
23%
20Fourche
23%
19Grenade
23%
30Moulin
23%
2Mousse
23%
4Nèfle
23%
4Perce-neige
23%
16Tabac
23%
12Argile
22%
23Chèvrefeuille
22%
17Cyprès
22%
8Échalote
22%
1Épeautre
22%
26Jasmin
22%
19Marbre
22%
30Panier
22%
3Trèfle
22%
17Cresson
21%
22Cumin
21%
2Houille
21%
5Rossignol
21%
4Soufre
21%
12Artichaut
20%
4Aubépine
20%
22Camomille
20%
19Cerfeuil
20%
19Gentiane
20%
9Réglisse
20%
11Salsifis
20%
1Tourbe
20%
27Anémone
19%
13Ardoise
19%
22Bruyère
19%
13Morille
19%
11Narcisse
19%
16Œillet
19%
26Pistache
19%
22Romaine
19%
17Sureau
19%
30Tonneau
19%
28Truffe
19%
25Écrevisse
18%
18Pavot
18%
10Arrosoir
17%
11Cire
17%
10Cuve
17%
21Églantier
17%
23Garance
17%
9Genièvre
17%
14Grès
17%
25Grillon
17%
16Guimauve
17%
17Mélèze
17%
2Millet
17%
20Pressoir
17%
24Valériane
17%
13Cèdre
16%
4Colchique
16%
20Herse
16%
17Lichen
16%
25Loutre
16%
27Noisetier
16%
11Pervenche
16%
20Serpette
16%
16Silex
16%
26Pignon
14%
14Réséda
14%
20Ruche
14%
20Sarcloir
14%
24Sorgho
14%
15Ver à soie
14%
8Fumier
13%
1Luzerne
13%
17Marne
13%
4Véronique
13%
16Ajonc
12%
4Angélique
12%
3Bitume
12%
12Immortelle
12%
6Lave
12%
6Mélisse
12%
30Plantoir
12%
12Raifort
12%
1Raiponce
12%
30Rouleau
12%
9Salpêtre
12%
9Serpolet
12%
4Troène
12%
9Absinthe
11%
6Ancolie
11%
9Aulne
11%
23Bourrache
11%
15Chamois
11%
6Héliotrope
11%
20Hotte
11%
9Hyacinthe
11%
4Ivraie
11%
27Liège
11%
28Lupin
11%
20Parc
11%
6Prêle
11%
28Vesce
11%
8Amaranthe
10%
30Chariot
10%
23Chiendent
10%
30Crible
10%
10Échelle
10%
30Greffoir
10%
18Pierre à chaux
10%
12Sainfoin
10%
12Salicorne
10%
25Tanche
10%
30Traîneau
10%
7Armoise
9%
16Belle de nuit
9%
24Caille-lait
9%
30Chalémie
9%
18Ciguë
9%
27Civette
9%
11Ellébore
9%
18Mouron
9%
26Myrte
9%
7Terre végétale
9%
27Verge d'or
9%
19Arroche
8%
6Balsamine
8%
26Bigarade
8%
14Chamerisier
8%
23Cochléaria
8%
16Consoude
8%
29Cormier
8%
2Cornouiller
8%
10Couvoir
8%
28Cyclamen
8%
18Dentelaire
8%
20Écluse
8%
13Épine vinette
8%
21Érable sucré
8%
22Fritillaire
8%
18Gesse
8%
30Houlette
8%
20Hoyau
8%
12Mâcre
8%
21Pierre à plâtre
8%
19Sabine
8%
8Scorsonère
8%
27Sylvie
8%
6Tubéreuse
8%
2Turneps
8%
9Alisier
7%
24Aunée
7%
21Barbeau
7%
28Buglosse
7%
22Câprier
7%
16Chervis
7%
18Corbeille d'or
7%
4Escourgeon
7%
26Fusain
7%
21Gainier
7%
11Panic
7%
17Pimprenelle
7%
24Trainasse
7%
7Alaterne
6%
24Amaryllis
6%
13Bâton d'or
6%
28Capillaire
6%
17Cardère
6%
21Carline
6%
8Carthame
6%
29Chélidoine
6%
20Cordeau
6%
17Doronic
6%
3Fragon
6%
7Fromental
6%
13Fumeterre
6%
26Guède
6%
2Hémérocalle
6%
1Lauréole
6%
6Laurier-thym
6%
3Lycoperdon
6%
21Mandragore
6%
9Marceau
6%
8Martagon
6%
18Nerprun
6%
19Pulmonaire
6%
29Sénevé
6%
21Statice
6%
7Sucrion
6%
19Tagette
6%
22Thimelé
6%
21Thlaspi
6%
1Tussilage
6%
7Amadouvier
4%
8Apocyn
4%
6Asaret
4%
14Avelinier
4%
22Azerole
4%
21Bacchante
4%
12Bétoine
4%
2Bouillon blanc
4%
10Coignée
4%
27Macjonc
4%
8Mézéréon
4%
24Orcanète
4%
14Vélar
4%
3Violier
4%

Distribution des résultats

Percentile par nombre de réponses

% des personnes avec chaque résultat

Votre développement - résultats

Vous n’avez pas pris ce quiz